Caracterización de sistema de producción agrícola: La cuencia del Rio Achiguate, Guatemala /

Պահպանված է:
Մատենագիտական մանրամասներ
Հիմնական հեղինակ: Ortiz, Ariel
Այլ հեղինակներ: Gallardo, Negli, Reyes, Luis, Martínez, Edgar
Ձևաչափ: Տեքստ
Ցուցիչներ: Ավելացրեք ցուցիչ
Չկան պիտակներ, Եղեք առաջինը, ով նշում է այս գրառումը!

MARC

LEADER 00000 a a2200000 04500
001 43477
003
040
100 |a Ortiz, Ariel  
245 |a Caracterización de sistema de producción agrícola:   |b La cuencia del Rio Achiguate, Guatemala /  |c Ariel Ortiz ; Negli Gallardo ; Luis Reyes ; Edgar Martínez 
700 |a Gallardo, Negli 
700 |a Reyes, Luis 
700 |a Martínez, Edgar  
773 |g páginas 171-178  
999 |c 31798  |d 31798